Loading...
| MB | 5 | 9 | 0 | 3 | 165 | 32 | 89.79 | 6 | 11 | 0.00 | 0.00 |
| BB | 0 | 6 | 1 | 1 | 55 | 72 | 100.67 | 0 | 5 | 0.00 | 0.00 |
| AG | 0 | 4 | 1 | 1 | 35 | 76 | 98.00 | 1 | 4 | 0.00 | 0.00 |
| AR | 2 | 0 | 0 | 0 | 30 | 55 | 56.00 | 1 | 2 | 0.00 | 0.00 |
| RC | 1 | 1 | 1 | 0 | 20 | 52 | 62.00 | 2 | 2 | 0.00 | 0.00 |
| RR | 1 | 0 | 0 | 0 | 15 | 18 | 18.00 | 1 | 1 | 0.00 | 0.00 |
| TR | 0 | 1 | 0 | 0 | 10 | 72 | 72.00 | 0 | 1 | 0.00 | 0.00 |
| AW | 0 | 1 | 0 | 0 | 10 | 81 | 81.00 | 0 | 0 | 0.00 | 0.00 |
| DM | 0 | 0 | 1 | 0 | -5 | 0.00 | 0 | 0 | 0.00 | 0.00 |
| RR | C.L.R. James | 15 | 18 |
| MB | Iris | 15 | 32 |
| MB | Siegfried | 15 | 39 |
| MB | Sophus Lie | 15 | 48 |
| RC | Frida Kahlo | 15 | 52 |
| AR | Blithe Spirit | 15 | 55 |
| BB | damping | -5 | 55 |
| AR | clarinet | 15 | 57 |
| AG | chariots | -5 | 60 |
| MB | fantasias | 10 | 61 |